000 00915nam a2200277Ia 4500
003 OSt
005 20221005084815.0
006 a|||||r|||| 00| 0
007 ta
008 221004b |||||||| |||| 00| 0 eng d
020 _a9781571139085 (hbk)
_c6130.19
024 _a23856
037 _b311, 04/12/2015, Sunrise Books
_cTextual
040 _aCRL
_cCRL
_beng
041 _2eng
_aeng
082 _aO113,1L49:g, 111Q4
100 _aMommsen Katharina
_9469724
245 0 _aGoethe and the poets of arabia
260 _aNew York
_bCamben House U.S.A
_c2014
300 _axvii, 489p.
_ccm.
490 _aStudies in German literature, lingustics, and culture
650 _aENGLISH LITERATURE
700 _a Metzger Micael M. Tr.
_9613606
942 _hO113,1L49:g, 111Q4
_cTEXL
_2cc
999 _c993126
_d993126